| 000 | 00744nam a2200205 i 4500 | ||
|---|---|---|---|
| 001 | 81020 | ||
| 003 | ES-MaACL | ||
| 005 | 20230906174341.0 | ||
| 007 | t| | ||
| 008 | 041102s1966 sp ||||1| spa d | ||
| 100 | 1 |
_aHolzschuher, Ludwig Freiherr. _964101 |
|
| 245 | 1 | 0 |
_aPsicología de la publicidad / _cLudwig Freiherr Holzschuher ; con la colaboración de Joachin Jaworski ; [versión española por Andrés-Pedro Sánchez Pascual]. |
| 260 |
_aMadrid : _bRialp, _c[1966] |
||
| 300 |
_a392 p., 8 lám. col. : _bil. ; _c25 cm. |
||
| 650 | 4 |
_aPublicidad- _xAspectos psicológicos. _9160522 |
|
| 700 | 1 |
_aJaworski, Joachin. _966213 |
|
| 700 | 1 |
_aSánchez Pascual, Andrés. _9102833 |
|
| 852 |
_aES-MaACL _jC-29235 |
||
| 852 |
_aES-MaACL _jC-29192 |
||
| 999 |
_c81020 _d81020 |
||